000 00690nam a2200217 i 4500
001 107928
003 ES-MaACL
005 20251019063051.0
007 t|
008 061219s1969 sp ||||1| spa d
080 _a882-311.2"18"
100 1 _aDostoievski, Fiódor,
_d1821-1881
_9242371
245 1 3 _aEl jugador /
_cFedor Dostoievski ; prólogo de Carlos Pujol.
260 _a[Madrid] :
_bSalvat,
_c[1969]
300 _a188 p. ;
_c19 cm.
490 1 _aBiblioteca básica Salvat de libros RTV ;
_v5
700 1 _aPujol, Carlos,
_d1936-2012
_994332
830 1 0 _aBiblioteca básica Salvat de libros RTV
_v5
_9185398
852 _aES-MaACL
_jE-2926
999 _c107928
_d107928